[Event "4th Rohde Open"]
[Site "Sautron FRA"]
[Date "2004.10.24"]
[Round "2"]
[White "Moreau,L"]
[Black "Primel,D"]
[Result "0-1"]
[WhiteElo "2004"]
[BlackElo "2127"]

1.Nf3 Nf6 2.c4 b6 3.g3 c5 4.Bg2 Bb7 5.O-O g6 6.Nc3 Bg7 7.d4 cxd4 8.Qxd4 d6
9.b3 Nbd7 10.Bb2 O-O 11.Rac1 Ne4 12.Qd1 Nxc3 13.Bxc3 Nf6 14.Qd4 Rc8 15.Nd2 Bxg2
16.Kxg2 Qc7 17.Qd3 Rfd8 18.e4 Qb7 19.Rfe1 a6 20.a4 Rc7 21.b4 Rdc8 22.b5 axb5
23.axb5 Nd7 24.Bxg7 Kxg7 25.Qd4+ Kg8 26.f4 Ra8 27.Ra1 Rcc8 28.Rxa8 Rxa8 29.Ra1 Nc5
30.Kf3 Ne6 31.Rxa8+ Qxa8 32.Qxb6 Nc5 33.Qc6 Qa3+ 34.Kg4 Nd3 35.b6 Nf2+ 36.Kh4 Qe3
37.b7 Qe2 38.Qc8+ Kg7 39.b8=Q Qh5+  0-1

[Event "36th Olympiad"]
[Site "Calvia ESP"]
[Date "2004.10.25"]
[Round "10"]
[White "Andersson,U"]
[Black "Kengis,E"]
[Result "1/2-1/2"]
[WhiteElo "2580"]
[BlackElo "2543"]

1.Nf3 Nf6 2.c4 b6 3.g3 c5 4.Bg2 Bb7 5.O-O g6 6.b3 Bg7 7.Bb2 O-O 8.Nc3 Na6
9.d4 d5 10.dxc5 Nxc5 11.Nxd5 Nxd5 12.Bxg7 Kxg7 13.cxd5 Qxd5 14.Qxd5 Bxd5
15.Rfd1  1/2-1/2

[Event "36th Olympiad"]
[Site "Calvia ESP"]
[Date "2004.10.25"]
[Round "10"]
[White "Karkanaqe,I"]
[Black "Rees,I"]
[Result "1-0"]
[WhiteElo "2382"]
[BlackElo "2201"]

1.Nf3 c5 2.c4 Nf6 3.g3 b6 4.Bg2 Bb7 5.O-O g6 6.Nc3 Bg7 7.d4 cxd4 8.Qxd4 O-O
9.Qh4 d6 10.Bh6 Nbd7 11.Bxg7 Kxg7 12.Rac1 Rc8 13.Qd4 Qc7 14.b3 Qc5 15.Qd2 Rfd8
16.Nh4 Bxg2 17.Nxg2 a6 18.Nf4 e6 19.Rfd1 Ne5 20.Na4 Qc6 21.Qe3 Rb8 22.f3 h5
23.c5 bxc5 24.Nxc5 Nxf3+ 25.Qxf3 Qxf3 26.Ncxe6+ fxe6 27.Nxe6+ Kg8 28.exf3 Rdc8
29.Nd4 Rxc1 30.Rxc1 Rb6 31.Rc6 Rxc6 32.Nxc6 Nd5 33.f4 Kf7 34.Nd4 Nc3 35.a3 Ke7
36.Kf2 d5 37.Ke3 Ne4 38.b4 Kd6 39.a4 Nc3 40.a5 Na2 41.b5 axb5 42.a6 Kc7 43.Nxb5+ Kb6
44.a7 Kb7 45.Kd4 Nb4 46.Ke5 h4 47.Kf6 hxg3 48.hxg3 Nc6 49.a8=Q+ Kxa8 50.Nc7+ Kb7
51.Nxd5 Nd4 52.g4 Ne2 53.Kg5 Kc6 54.Ne7+ Kd6 55.Nxg6 Ke6 56.f5+ Kf7 57.Ne5+ Kf8
58.f6 Nd4 59.Kg6 Nb5 60.g5 Nd6 61.Kh5  1-0

[Event "19th Open"]
[Site "Le Touquet FRA"]
[Date "2004.10.26"]
[Round "2"]
[White "Laurent,J"]
[Black "Marzolo,C"]
[Result "1/2-1/2"]
[WhiteElo "2243"]
[BlackElo "2437"]

1.Nf3 Nf6 2.c4 c5 3.g3 b6 4.Bg2 Bb7 5.O-O g6 6.b3 Bg7 7.Bb2 O-O 8.Nc3 d6
9.d4 cxd4 10.Nxd4 Bxg2 11.Kxg2 Qc8 12.e4 Nc6 13.f3 Ne5 14.Qe2 Qb7 15.Nd5 Rfe8
16.Nb5 Rac8 17.Rad1 Nxd5 18.exd5 a6 19.Nd4 Nd7 20.Nc6 Nf6 21.Rfe1 e6 22.Bxf6 Bxf6
23.Qd3 e5 24.b4 Bg7 25.a4 f5 26.a5 Bf6 27.axb6 Qxb6 28.Qe3 Qb7 29.c5 Be7
30.Nxe7+ Rxe7 31.c6 Qxb4 32.Rb1 Qa5 33.Qd3 Ra8 34.Ra1 Qc5 35.Rxa6 Rxa6 36.Qxa6  1/2-1/2

[Event "36th Olympiad w"]
[Site "Calvia ESP"]
[Date "2004.10.28"]
[Round "13"]
[White "Vijayalakshmi,S"]
[Black "Zhao Xue"]
[Result "0-1"]
[WhiteElo "2411"]
[BlackElo "2487"]

1.c4 Nf6 2.Nf3 b6 3.g3 c5 4.Bg2 Bb7 5.O-O g6 6.d3 Bg7 7.e4 O-O 8.Nc3 Nc6
9.h3 e6 10.Bf4 d5 11.exd5 exd5 12.Ne5 Na5 13.Re1 Re8 14.Qc1 d4 15.Bxb7 Nxb7
16.Nb5 a6 17.Na3 Nh5 18.g4 Qd6 19.gxh5 Bxe5 20.Bxe5 Rxe5 21.Rxe5 Qxe5 22.hxg6 hxg6
23.Qd2 Kg7 24.Nc2 Nd6 25.Kg2 Rh8 26.Rh1 Nf5 27.f4 Qd6 28.Rf1 Qe6 29.Rh1 Qc6+
30.Kg1 Qf3 31.Rh2 Rxh3 32.Rxh3 Qxh3 33.b3 Qg3+ 34.Kf1 Qf3+ 35.Kg1 Ng3 36.Qe1 Ne2+
37.Kh2 Nxf4 38.Qe5+ Kh7 39.Ne1 Qf2+ 40.Kh1 Nh3  0-1

[Event "TCh-SWE Elitserien 2004-5"]
[Site "Skara SWE"]
[Date "2004.11.06"]
[Round "2"]
[White "Eklund,LG"]
[Black "Winge,S"]
[Result "0-1"]
[WhiteElo "2275"]
[BlackElo "2285"]

1.Nf3 Nf6 2.c4 b6 3.g3 c5 4.Bg2 Bb7 5.O-O g6 6.Nc3 Bg7 7.Re1 d6 8.d4 cxd4
9.Nxd4 Bxg2 10.Kxg2 Qc7 11.Qd3 Nbd7 12.Ncb5 Qc8 13.f4 Nc5 14.Qf3 Nce4 15.Be3 a6
16.Na3 O-O 17.Rac1 Qb7 18.Nb1 e6 19.Nd2 Rac8 20.b4 d5 21.N4b3 dxc4 22.Nxc4 Nd5
23.Bg1 f5 24.a3 Bc3 25.Rxc3 Ndxc3 26.Nxb6 Rc6 27.Na5 Qc7 28.Nxc6 Qxc6 29.Bc5 Rb8
30.Nc4 Qd5 31.Ne3 Qd2 32.Kf1 Rd8 33.Nc4 Qa2 34.Nd6 Nxd6 35.Qxc3  0-1

[Event "TCh-SWE Elitserien 2004-5"]
[Site "Skara SWE"]
[Date "2004.11.07"]
[Round "3"]
[White "Larsson,P"]
[Black "Eriksson,Mag1"]
[Result "1/2-1/2"]
[WhiteElo "2353"]
[BlackElo "2333"]

1.Nf3 c5 2.c4 b6 3.g3 Bb7 4.Bg2 Nf6 5.O-O g6 6.Nc3 Bg7 7.d4 cxd4 8.Qxd4 d6
9.Rd1 Nbd7 10.b3 Rc8 11.Bb2 O-O 12.Qd2 a6 13.Ne1 Bxg2 14.Nxg2 b5 15.cxb5 axb5
16.Ne3 Rc5 17.Rab1 Nb6 18.Qd3 Qd7 19.Ne4 Nxe4 20.Qxe4 Bxb2 21.Rxb2 Rfc8 22.Rbd2 Qa7
23.h4 h5 24.Kh2 Re5 25.Qd4 Qb7 26.Qb4 Rcc5 27.Rd4 Qc6 28.Qd2 Qc8 29.Qb4 Qc6
30.Qd2 Qc8 31.Qb4  1/2-1/2

[Event "Open"]
[Site "Calcutta IND"]
[Date "2004.11.11"]
[Round "5"]
[White "Rahman,Zia"]
[Black "Prasad,D"]
[Result "1-0"]
[WhiteElo "2535"]
[BlackElo "2375"]

1.Nf3 Nf6 2.c4 b6 3.g3 c5 4.Bg2 Bb7 5.O-O g6 6.Nc3 Bg7 7.d4 cxd4 8.Qxd4 d6
9.Rd1 Nbd7 10.Be3 Rc8 11.Rac1 O-O 12.Qh4 a6 13.b3 Rc7 14.Ne1 Qb8 15.Bh3 Re8
16.Nd3 Ba8 17.Nb4 e6 18.Bg2 Bxg2 19.Nxa6 Qb7 20.Nxc7  1-0

[Event "17th Belgrade Trophy"]
[Site "Obrenovac SCG"]
[Date "2004.11.25"]
[Round "4"]
[White "Pavlovic,Mi2"]
[Black "Drljevic,L"]
[Result "1-0"]
[WhiteElo "2454"]
[BlackElo "2188"]

1.Nf3 Nf6 2.c4 b6 3.g3 c5 4.Bg2 Bb7 5.O-O g6 6.Nc3 Bg7 7.d4 cxd4 8.Qxd4 d6
9.Be3 Nbd7 10.Rac1 O-O 11.Qh4 Rc8 12.b3 a6 13.Rfd1 Rc7 14.Bh3 Bxf3 15.exf3 Ne5
16.Bg2 Qb8 17.g4 b5 18.g5 b4 19.Ne2 Nfd7 20.Nf4 e6 21.Rxd6 Rxc4 22.Rcd1 Rc7
23.Nh3 Nc5 24.Kh1 Ned3 25.R6xd3 Nxd3 26.Rxd3 Rc3 27.Qe4 a5 28.Bf1 Rc2 29.Rd2 Rxd2
30.Bxd2 Rd8 31.Bf4 Qc8 32.Kg2 Rd4 33.Qe3 Qc3 34.Bc4 e5 35.Bg3 Qxe3 36.fxe3 Rd2+
37.Kf1 Rxa2 38.Ke1 e4 39.fxe4 Bc3+ 40.Kd1 Rd2+ 41.Kc1 Ra2  1-0

[Event "XLIII WJun"]
[Site "Kochin IND"]
[Date "2004.11.30"]
[Round "13"]
[White "Koneru,H"]
[Black "Iljin,A"]
[Result "1-0"]
[WhiteElo "2503"]
[BlackElo "2522"]

1.Nf3 Nf6 2.c4 b6 3.g3 c5 4.Bg2 Bb7 5.O-O g6 6.Nc3 Bg7 7.d4 cxd4 8.Nxd4 Bxg2
9.Kxg2 O-O 10.e4 Qc7 11.b3 Nxe4 12.Nxe4 Qe5 13.Qf3 Qxd4 14.Ba3 Qe5 15.Rad1 Nc6
16.Rxd7 Rad8 17.Rfd1 Qe6 18.Rxd8 Nxd8 19.Ng5 Qe5 20.Rxd8 Qxg5 21.Rd7 Bf6
22.Rxa7 Kg7 23.Rd7 Qe5 24.Bb4 Re8 25.Qc6 Rb8 26.a4 Rh8 27.Qd5 Qe2 28.Qf3 Qe6
29.Rd5 Rc8 30.Qe3  1-0

[Event "Extraliga CZE 2004-5"]
[Site "Czech Rep CZE"]
[Date "2004.12.05"]
[Round "4"]
[White "Jakubiec,A"]
[Black "Babula,V"]
[Result "1/2-1/2"]
[WhiteElo "2565"]
[BlackElo "2571"]

1.Nf3 Nf6 2.c4 b6 3.g3 c5 4.Bg2 Bb7 5.O-O g6 6.b3 Bg7 7.Bb2 O-O 8.Nc3 e6
9.d4 d5 10.dxc5 bxc5 11.Na4 Na6 12.cxd5 exd5 13.Rc1 Rc8 14.Bh3 Rc7 15.Ba3 Ne4
16.Nd2 Ng5 17.Bg2 Ne6 18.Nb1  1/2-1/2

[Event "Bundesliga 2004-5"]
[Site "Porz GER"]
[Date "2004.12.12"]
[Round "6"]
[White "Buhmann,R"]
[Black "Volke,K"]
[Result "1-0"]
[WhiteElo "2521"]
[BlackElo "2483"]

1.Nf3 Nf6 2.c4 c5 3.g3 b6 4.Bg2 Bb7 5.O-O g6 6.b3 Bg7 7.Bb2 O-O 8.d4 cxd4
9.Qxd4 d6 10.Rd1 Nbd7 11.Qf4 Rc8 12.Nc3 Rc5 13.Rac1 Qa8 14.Qd2 a6 15.Ne1 Rfc8
16.Bxb7 Qxb7 17.Nd3 Rf5 18.Nb4 e6 19.f3 h5 20.Nc2 b5 21.Nd4 Re5 22.cxb5 axb5
23.a4 bxa4 24.bxa4 Kh7 25.Ndb5 d5 26.Na2 Bh6 27.f4 Re4 28.Bd4 Rxc1 29.Qxc1 e5
30.Nd6 Qb3 31.Nxe4 Nxe4 32.Qb1 Qc4 33.fxe5 Qxe2 34.Re1 Qc4 35.Qb2 Nd2 36.Kg2 Nf8
37.Nb4 Ne6 38.Bg1 Qg4 39.Qc3 Nf4+ 40.Kh1 Ne2 41.Qd3 Nxg1 42.Nxd5 Qf3+ 43.Qxf3 Ngxf3
44.e6 fxe6 45.Rxe6 Nc4 46.Ne7 g5 47.Nf5 Bf8 48.Rf6 Bb4 49.Kg2 Ne1+ 50.Kf1 Nf3
51.Ke2 g4 52.Rh6+ Kg8 53.Rxh5 Kf7 54.Ne3 Nxe3 55.Kxe3 Kg6 56.Rb5 Bd2+ 57.Kd3 Be1
58.a5 Bf2 59.a6 Bg1 60.Ke4 Nxh2 61.Rb7 Nf1 62.Kf4 Kh5 63.Rb1 Be3+ 64.Ke4  1-0

[Event "Master Open"]
[Site "Singapore SIN"]
[Date "2004.12.17"]
[Round "8"]
[White "Shen,S"]
[Black "Yu Shaoteng"]
[Result "1/2-1/2"]
[WhiteElo "2129"]
[BlackElo "2517"]

1.Nf3 Nf6 2.c4 b6 3.g3 Bb7 4.Bg2 c5 5.O-O g6 6.b3 Bg7 7.Bb2 O-O 8.d4 cxd4
9.Qxd4 d6 10.Rd1 Nbd7 11.Qd2 Ne4 12.Qc2 Bxb2 13.Qxb2 Qc7 14.Nc3 Nxc3 15.Qxc3 Rfc8
16.Qe3 Nf6 17.h3 Re8 18.Ne1 Rac8 19.Rac1 a6 20.Nd3 Bxg2 21.Kxg2 Qb7+ 22.Qf3 Qa7
23.Nb4 Rc5 24.Nd3 Rc7 25.e4 Qb7 26.e5 Qxf3+ 27.Kxf3 dxe5 28.Nxe5 Rec8 29.Rd4 Kf8
30.Rcd1 Ke8 31.a4 Rc5 32.Nd7 Nxd7 33.Rxd7 b5 34.cxb5 axb5 35.a5 b4 36.a6 Ra5
37.a7 Ra8 38.R1d4 R5xa7 39.Rxa7 Rxa7 40.Rxb4 f5 41.h4 Kf7 42.Rb6 e6 43.Kg2 Kf6
44.f4 Ra2+ 45.Kf3 h6 46.b4 Rc2  1/2-1/2

[Event "BC Masters"]
[Site "Bois Colombes FRA"]
[Date "2004.12.19"]
[Round "1"]
[White "Sulypa,A"]
[Black "Shchekachev,A"]
[Result "1/2-1/2"]
[WhiteElo "2484"]
[BlackElo "2546"]

1.Nf3 Nf6 2.c4 b6 3.g3 c5 4.Bg2 Bb7 5.O-O g6 6.b3 Bg7 7.Bb2 O-O 8.Nc3 Na6
9.e3 e6 10.d4 d5 11.cxd5 exd5 12.Ne5 Qe7 13.Rc1 Rfd8 14.Nd3 Ne4  1/2-1/2

[Event "Asian Juniors Girls"]
[Site "Bikaner IND"]
[Date "2004.12.23"]
[Round "2"]
[White "Gomes,M"]
[Black "Priya,P"]
[Result "1/2-1/2"]
[WhiteElo "2183"]
[BlackElo "2131"]

1.Nf3 Nf6 2.c4 b6 3.g3 c5 4.Bg2 Bb7 5.O-O g6 6.b3 Bg7 7.Bb2 d6 8.d4 cxd4
9.Bxd4 Nbd7 10.Nbd2 O-O 11.Re1 Nc5 12.Qc2 Nfe4 13.Bxg7 Kxg7 14.b4 Nxd2 15.Nxd2 Bxg2
16.Kxg2 Nd7 17.Qc3+ Kg8 18.e4 Qc7 19.Rac1 Rfc8 20.f4 b5 21.Qd3 bxc4 22.Nxc4 Nb6
23.Nxb6 Qxb6 24.a3 Rc7 25.Qd1  1/2-1/2

[Event "13th Donau Open"]
[Site "Aschach AUT"]
[Date "2004.12.27"]
[Round "2"]
[White "Steiner,S"]
[Black "Froehlich,P"]
[Result "1-0"]
[WhiteElo "2159"]
[BlackElo "2390"]

1.Nf3 c5 2.c4 Nf6 3.g3 b6 4.Bg2 Bb7 5.O-O g6 6.d4 cxd4 7.Qxd4 Bg7 8.Nc3 O-O
9.Qh4 Qc7 10.Bh6 Bxh6 11.Qxh6 Bxf3 12.Bxf3 Nc6 13.Rfd1 Qe5 14.Rd3 Rac8 15.Rad1 Qc5
16.b3 Ne5 17.Rd4 Qa5 18.Ne4 Nxe4 19.Rxe4 f6 20.Rh4 Rf7 21.Bb7 Rb8 22.Be4 Qxa2
23.Qe3 Qa3 24.f4 Nxc4 25.Qd4 Nd6 26.Bd5 e6 27.Bxe6 dxe6 28.Qxd6 Qxd6 29.Rxd6 Re7
30.g4 Rc8 31.Rh3 Kf8 32.f5 exf5 33.gxf5 Rxe2 34.Kf1 Ra2 35.Rxf6+ Kg7 36.Re6 Ra1+
37.Re1 Rxe1+ 38.Kxe1 gxf5 39.Rd3 Rc7 40.Rd6  1-0

[Event "Gibraltar Masters"]
[Site "Caleta ENG"]
[Date "2005.01.02"]
[Round "9"]
[White "McNab,C"]
[Black "Calzetta,M"]
[Result "1-0"]
[WhiteElo "2440"]
[BlackElo "2281"]

1.c4 Nf6 2.Nf3 c5 3.g3 b6 4.Bg2 Bb7 5.O-O g6 6.b3 Bg7 7.Bb2 O-O 8.Nc3 d6
9.e3 Nbd7 10.d4 a6 11.Re1 Ne4 12.Qd3 Nxc3 13.Bxc3 e5 14.dxe5 dxe5 15.e4 Qe7
16.Rad1 Nb8 17.Qd6 Qxd6 18.Rxd6 Nc6 19.Red1 Rfe8 20.Kf1 Rab8 21.Bd2 Bf8 22.Rd7 f6
23.Bc1 Nb4 24.a3 Nc2 25.Nd2 Nd4 26.Bb2 Bc8 27.Ra7 a5 28.Nb1 Bb7 29.Nc3 Nc6
30.Nd5 Kf7 31.Rxb7+ Rxb7 32.f4 Nd4 33.b4 axb4 34.axb4 Ra8 35.Rd2 Bd6 36.Rf2 cxb4
37.fxe5 Bxe5 38.Nxf6 Ke6 39.Bh3+ Kd6 40.Ng4 h5 41.Nxe5 Kxe5 42.Rd2 Rd8 43.Ke1 Rc7
44.Bf1 Rcd7 45.Bg2 Rd6 46.Kf2 Rc6 47.Ke3 Rxc4 48.Rd3 g5 49.Bf1 g4 50.Rxd4 Rcxd4
51.Bb5 Rd6 52.Be8 b3 53.Ba4 Kf6 54.Bxd4+ Ke7 55.Bxb3 Rc6 56.e5 b5 57.Ke4 Rc1
58.Kd5 Rh1 59.Bc5+ Ke8 60.Bc2 Rxh2 61.Bg6+ Kd8 62.e6 Re2 63.Bxh5  1-0

[Event "34th Rilton Cup"]
[Site "Stockholm SWE"]
[Date "2005.01.05"]
[Round "9"]
[White "Ivanov,Se1"]
[Black "Nyback,T"]
[Result "1/2-1/2"]
[WhiteElo "2553"]
[BlackElo "2554"]

1.Nf3 Nf6 2.c4 b6 3.g3 c5 4.Bg2 Bb7 5.O-O g6 6.b3 Bg7 7.Bb2 O-O 8.Nc3 a6
9.d4 cxd4 10.Qxd4 d6 11.Rfd1 Nbd7 12.Qe3 Re8 13.Nd4 Bxg2 14.Kxg2 Qc8 15.Rac1 Qb7+
16.Qf3 Qxf3+ 17.exf3 Rac8 18.Rc2 e6 19.Rcd2 d5 20.cxd5 Nxd5 21.Nxd5 exd5
22.Ba3 Bh6 23.f4 Nf6 24.Ne2 Bf8 25.Bxf8 Kxf8 26.Kf3 Rc5 27.g4 Rd8 28.Ng3 Rc3+
29.Rd3 Rxd3+ 30.Rxd3 Ke7 31.g5 Ne8 32.f5 Rd6 33.Kf4 f6 34.h4 Kf7 35.Rc3 d4
36.Rd3 Ng7 37.Ke4 Rd8 38.fxg6+ Kxg6 39.gxf6 Ne6 40.Ke5 Nc5 41.Rxd4 Nd3+ 42.Rxd3 Rxd3
43.Ke6 h5 44.Nf5 Rf3 45.Ne7+ Kh7 46.Nf5 Kg6 47.Ne7+ Kh7 48.Kf7 Rxf2 49.Ng6 Kh6
50.Nf8 Rf4 51.Ke7 Rxh4 52.Ne6 Rh1 53.f7 Rf1 54.f8=Q+ Rxf8 55.Kxf8 h4 56.Nf4 Kg5
57.Nh3+ Kg4 58.Ng1 Kg3 59.Kg7 Kf2 60.Nh3+ Ke3 61.Kf6 Kd4 62.Ke6 Kc3 63.Kd5 Kb2
64.Kc6 b5 65.Kb6 Kxa2 66.b4 Ka3 67.Ka5 Kb3  1/2-1/2

[Event "Bundesliga 2004-5"]
[Site "Muelheim Nord GER"]
[Date "2005.01.29"]
[Round "8"]
[White "Lytchak,A"]
[Black "Volke,K"]
[Result "1-0"]
[WhiteElo "2436"]
[BlackElo "2483"]

1.Nf3 Nf6 2.c4 b6 3.g3 c5 4.Bg2 Bb7 5.O-O g6 6.d4 cxd4 7.Qxd4 Bg7 8.Nc3 d6
9.Be3 Nbd7 10.Rac1 Rc8 11.b3 O-O 12.Qd2 Ne4 13.Nxe4 Bxe4 14.Nd4 Bxg2 15.Kxg2 a6
16.Nc2 b5 17.cxb5 Bc3 18.Qd5 Nf6 19.Qd3 axb5 20.Na3 b4 21.Nb5 Ng4 22.a4 Qd7
23.Nxc3 bxc3 24.Bd4 Qc6+ 25.f3 c2 26.e4 Ne5 27.Bxe5 dxe5 28.Rf2 Rfd8 29.Qe2 Qc3
30.Rxc2 Qxb3 31.Rxc8 Rxc8 32.Qa2 Qb4 33.Rb2 Qe1 34.Qd5 Qa1 35.Ra2 Qb1 36.a5 Rc1
37.Kh3 Rd1 38.Qc4 Rd4 39.Qe2 Qb7 40.a6 Qd7+ 41.Kg2 Ra4 42.Qc2 Rxa2 43.Qxa2 Qa7
44.Qa5 h5 45.Qb5 Qe3 46.Qb2 g5 47.Qf2 Qa3 48.a7 Qa6 49.Qd2 f6 50.Qf2 Kf8
51.h4 gxh4 52.g4 hxg4 53.fxg4 Ke8 54.Qe3 Qa5 55.Kh3 Kd7 56.Kxh4 Kc7 57.Kh5 Kb7
58.Kg6 Qd8 59.Kf7 Qh8 60.Qa3 Qh7+ 61.Ke6 Ka8 62.Qb4 Qg8+ 63.Kd7 Kxa7 64.Kc7  1-0

[Event "ch-CZE"]
[Site "Prague CZE"]
[Date "2005.02.06"]
[Round "6"]
[White "Jirovsky,M"]
[Black "Stocek,J"]
[Result "1/2-1/2"]
[WhiteElo "2499"]
[BlackElo "2586"]

1.Nf3 Nf6 2.c4 b6 3.g3 Bb7 4.Bg2 c5 5.O-O g6 6.Nc3 Bg7 7.d4 cxd4 8.Qxd4 d6
9.Rd1 Nbd7 10.Be3 O-O 11.Qh4 Rc8 12.Rac1 a6 13.b3 Re8 14.Bh3 h5 15.Ng5 Rc7
16.Qf4 e5 17.Qh4 Bf8 18.Nf3 Qa8 19.Bg5 b5 20.cxb5 axb5 21.a4 bxa4 22.bxa4 Bxf3
23.exf3 Qxf3 24.Bg2 Qf5 25.Bxf6 Nxf6 26.Bh3 Qf3 27.Bg2 Qf5  1/2-1/2

[Event "Nordea Cup"]
[Site "Dianalund DEN"]
[Date "2005.02.12"]
[Round "1"]
[White "Olsen,H"]
[Black "Lund,E"]
[Result "1/2-1/2"]
[WhiteElo "2345"]
[BlackElo "2292"]

1.Nf3 Nf6 2.c4 b6 3.g3 Bb7 4.Bg2 c5 5.O-O g6 6.Nc3 Bg7 7.d4 cxd4 8.Qxd4 d6
9.Rd1 Nbd7 10.Be3 Rc8 11.b3 h6 12.Rac1 O-O 13.Qd2 h5 14.h3 a6 15.Bh6 Rc5
16.Be3 Rc8 17.Bh6 Rc5 18.Be3 Rc8  1/2-1/2

[Event "Bundesliga 2004-5"]
[Site "Erfurt GER"]
[Date "2005.02.12"]
[Round "10"]
[White "Levin,F"]
[Black "Hracek,Z"]
[Result "1/2-1/2"]
[WhiteElo "2498"]
[BlackElo "2595"]

1.Nf3 Nf6 2.c4 b6 3.g3 c5 4.Bg2 Bb7 5.O-O g6 6.d4 cxd4 7.Qxd4 Bg7 8.Nc3 d6
9.Rd1 Nbd7 10.Be3 Rc8 11.Rac1 O-O 12.Qh4 a6 13.b3 Rc7 14.Bh3 h5 15.Ne1 Re8
16.Nd3 Qb8  1/2-1/2

[Event "Extraliga CZE 2004-5"]
[Site "Czech Rep CZE"]
[Date "2005.02.20"]
[Round "7"]
[White "Zawadzki,S"]
[Black "Hracek,Z"]
[Result "0-1"]
[WhiteElo "2398"]
[BlackElo "2600"]

1.Nf3 Nf6 2.c4 b6 3.g3 c5 4.Bg2 Bb7 5.O-O g6 6.b3 Bg7 7.Bb2 O-O 8.Nc3 Na6
9.Rc1 d5 10.cxd5 Nxd5 11.Qc2 e5 12.Rfd1 Re8 13.d3 Nab4 14.Qb1 Qd7 15.e3 Rad8
16.Ne4 f5 17.a3 Nc6 18.Ned2 f4 19.e4 Nc7 20.Qa1 Nb5 21.b4 cxb4 22.axb4 Ncd4
23.Nxd4 exd4 24.Nf3 h6 25.Re1 Rf8 26.Rc4 Kh7 27.Bc1 fxg3 28.hxg3 Rf7 29.Rf1 Rdf8
30.Nh4 Nc3 31.Qxa7 b5 32.Rxc3 dxc3 33.Qb6 Rf6 34.Qe3 Rd8 35.e5 Re6 36.Bxb7 Qxb7
37.d4 Qd5 38.Qxc3 Qxd4 39.Qc7 Rd7 40.Qc8 Rde7 41.Be3 Qxe5 42.Bc5 Rf7 43.Ng2 Ref6
44.Re1 Qc7 45.Qe8 Qd7 46.Qb8 Rf5 47.Re2 Qd1+ 48.Re1 Qd7 49.Re2 Rd5 50.Re1 Rd1
51.Rxd1 Qxd1+ 52.Kh2 Qh5+ 53.Kg1 Qd1+ 54.Kh2 Qd7 55.Nf4 g5 56.Ne2 Rf5 57.Qb6 Rf6
58.Qb8 Re6 59.Nc1 Re1 60.Nb3 Qd5  0-1

[Event "ch-RUS u20"]
[Site "Nojabrsk RUS"]
[Date "2005.03.04"]
[Round "3"]
[White "Iljin,A"]
[Black "Tomashevsky,E"]
[Result "1/2-1/2"]
[WhiteElo "2482"]
[BlackElo "2540"]

1.Nf3 Nf6 2.c4 b6 3.g3 c5 4.Bg2 Bb7 5.O-O g6 6.d4 cxd4 7.Qxd4 Bg7 8.Nc3 d6
9.Rd1 Nbd7 10.Be3 Rc8 11.Rac1 O-O 12.Qh4 a6 13.b3 Rc7 14.Bh3 Re8 15.g4 Qa8
16.g5  1/2-1/2

[Event "Open"]
[Site "Blackpool ENG"]
[Date "2005.03.13"]
[Round "4"]
[White "Barton,A"]
[Black "Morrison,G SCO"]
[Result "0-1"]
[WhiteElo "2170"]
[BlackElo "2305"]

1.Nf3 Nf6 2.c4 c5 3.g3 b6 4.Bg2 Bb7 5.O-O g6 6.b3 Bg7 7.Bb2 O-O 8.d3 Nc6
9.Ne5 Rc8 10.Nxc6 Bxc6 11.e4 Nh5 12.Nc3 Bd4 13.Qd2 d6 14.Ne2 Bxb2 15.Qxb2 b5
16.f4 bxc4 17.dxc4 a5 18.f5 a4 19.fxg6 hxg6 20.Nf4 Nf6 21.e5 dxe5 22.Rad1 Qc7
23.Nd5 Bxd5 24.Bxd5 axb3 25.axb3 Rcd8 26.Qe2 Kg7 27.Rfe1 Nxd5 28.cxd5 f6
29.Qc4 Qb6 30.Rc1 Rb8 31.Re3 Rfc8 32.Rec3 Qb4 33.Qxb4 Rxb4 34.h4 Rd8 35.Rxc5 Rxb3
36.Rc7 Kf8 37.Ra1 Rxd5 38.Ra8+ Kf7 39.Raa7 Ke6 40.Rxe7+ Kf5 41.Kf2 Rd2+ 42.Ke1 Rh2
43.g4+ Kxg4 44.Ra4+ Kf5 45.Ra1 Rh1+  0-1

[Event "TCh-SWE Elitserien 2004-5"]
[Site "Malmo SWE"]
[Date "2005.03.13"]
[Round "11"]
[White "Vernersson,P"]
[Black "Larsson,P"]
[Result "1/2-1/2"]
[WhiteElo "2406"]
[BlackElo "2353"]

1.Nf3 Nf6 2.c4 b6 3.g3 c5 4.Bg2 Bb7 5.O-O g6 6.Nc3 Bg7 7.d4 cxd4 8.Nxd4 Bxg2
9.Kxg2 Qc7 10.b3 O-O 11.Bb2 Qb7+ 12.Nf3 Ne4 13.Qd3 Nxc3 14.Bxc3 Bxc3 15.Qxc3 d6
16.Qe3 Re8 17.Rfd1 Nd7 18.Rd4 Nf6 19.Rad1 Kg7 20.Kg1 Rac8 21.a4 a6 22.Ne1 h5
23.Qf3 Qxf3 24.Nxf3 Nd7 25.h4 Nc5 26.Rb1 Rb8 27.Ne1 Rec8 28.Nd3 Nxd3 29.exd3 Kf8
30.Ra1 Ke8 31.Kg2 Kd7 32.b4 a5 33.Rb1 axb4 34.Rxb4 e6 35.Re4 Ke7 36.Re2 Ra8
37.Reb2 Rcb8 38.Kf3 Ra5 39.Ke3 Rb7 40.d4 e5 41.Kd3 exd4 42.Kxd4 Ke6 43.R2b3  1/2-1/2

[Event "Norwegian Open"]
[Site "Oslo NOR"]
[Date "2005.03.24"]
[Round "6"]
[White "Kengis,E"]
[Black "Byklum,B"]
[Result "1-0"]
[WhiteElo "2538"]
[BlackElo "2224"]

1.Nf3 Nf6 2.c4 b6 3.g3 c5 4.Bg2 Bb7 5.O-O g6 6.b3 Bg7 7.Bb2 O-O 8.Nc3 d5
9.Nxd5 Nxd5 10.Bxg7 Kxg7 11.cxd5 Qxd5 12.d4 Na6 13.e4 Qd6 14.e5 Qd7 15.dxc5 Nxc5
16.Qxd7 Nxd7 17.e6 Nc5 18.exf7 Rxf7 19.Ne5 Bxg2 20.Kxg2 Rf6 21.b4 Na6 22.a3 Rd8
23.Rfd1 Rfd6 24.Re1 Rc8 25.Nf3 Kf6 26.Re4 h6 27.Rae1 Rc7 28.Nd4 Rcd7 29.Rf4+ Kg7
30.Ne6+ Kg8 31.Rf8+ Kh7 32.Rf7+ Kh8 33.h4 Rd3 34.Rc1  1-0

[Event "Bundesliga 2005-6"]
[Site "Kreuzberg GER"]
[Date "2005.04.02"]
[Round "15"]
[White "Maksimenko,A"]
[Black "Berndt,S"]
[Result "1-0"]
[WhiteElo "2500"]
[BlackElo "2447"]

1.Nf3 Nf6 2.c4 b6 3.g3 c5 4.Bg2 Bb7 5.O-O g6 6.Nc3 Bg7 7.d4 cxd4 8.Qxd4 d6
9.Rd1 Nbd7 10.Be3 a6 11.Rac1 Rc8 12.b3 O-O 13.Qh4 Rc7 14.Ne1 Bxg2 15.Nxg2 Re8
16.Nf4 Qb8 17.Nfd5 Rcc8 18.Bg5 Qb7 19.a4 Kf8 20.Nxf6 Nxf6 21.Bxf6 Bxf6 22.Qxh7 Rc5
23.Nd5 Bg7 24.b4 Rcc8 25.Rd3 e5 26.e4 b5 27.axb5 axb5 28.Rf3 bxc4 29.Qxg6 Red8
30.Qg5 Re8 31.Qg6 Red8 32.Qg5 Re8 33.Rfc3 Qb5 34.Ne3 Qxb4 35.Nf5 Bh8 36.Qh6+ Kg8
37.Qg5+ Kf8 38.g4 f6 39.Qg6 Qb2 40.Rh3  1-0

[Event "Bundesliga 2004-5"]
[Site "Hamburg GER"]
[Date "2005.04.09"]
[Round "14"]
[White "Kempinski,R"]
[Black "Almasi,Z"]
[Result "0-1"]
[WhiteElo "2627"]
[BlackElo "2628"]

1.Nf3 Nf6 2.c4 b6 3.g3 c5 4.Bg2 Bb7 5.O-O g6 6.b3 Bg7 7.Bb2 O-O 8.d4 cxd4
9.Qxd4 d6 10.Qd2 Nbd7 11.Nc3 Rc8 12.Rac1 Rc5 13.Nd4 Bxg2 14.Kxg2 Qa8+ 15.f3 Rh5
16.h3 d5 17.g4 Re5 18.g5 Nh5 19.cxd5 Rxd5 20.Nxd5 Qxd5 21.Rcd1 Nc5 22.Qe3 Qb7
23.b4 Na4 24.Ba1 e5 25.Nb3 Nf4+ 26.Kg3 Qe7 27.h4 f6 28.gxf6 Bxf6 29.Rh1 h5
30.Qf2 e4 31.Bxf6 Qxf6 32.Qe3 Nc3 33.Rd2 Nfxe2+ 34.Rxe2 Qxf3+ 35.Qxf3 Rxf3+
36.Kg2 Nxe2 37.Re1 Nf4+ 38.Kg1 e3 39.Nd4 Rg3+ 40.Kh2 Rh3+  0-1

[Event "IMB"]
[Site "Gausdal NOR"]
[Date "2005.04.13"]
[Round "1"]
[White "Loeffler,S"]
[Black "Niemi,K"]
[Result "1-0"]
[WhiteElo "2429"]
[BlackElo "2247"]

1.Nf3 Nf6 2.c4 c5 3.g3 b6 4.Bg2 Bb7 5.O-O g6 6.e3 Bg7 7.d4 O-O 8.Nc3 d6 9.d5 Nbd7
10.e4 a6 11.a4 Qc7 12.Bf4 Ne5 13.Nxe5 dxe5 14.Be3 e6 15.a5 bxa5 16.Qa4 exd5
17.cxd5 Ng4 18.Bd2 f5 19.Qxa5 Rac8 20.f3 Nf6 21.Rfc1 Qf7 22.Be3 Nd7 23.Na4 c4
24.Qb4 Nf6 25.Nc5 Rb8 26.Qxc4 fxe4 27.fxe4 Ng4 28.Qe2 Nxe3 29.Qxe3 Bc8 30.Rc2 Qe7
31.Bf1 Bf6 32.Qd3 Rb6 33.Nxa6 Bg5 34.Nc7 Rbf6 35.Bg2 Qf7 36.h4 Bh6 37.Ra8 Rf2
38.Kh2 Bg4 39.Rxf8+ Qxf8 40.Rxf2 Qxf2 41.d6 Qf7 42.b4 Bf8 43.b5 Qd7 44.Qd5+ Qf7
45.b6 Qxd5 46.exd5 Bxd6 47.Ne8  1-0

[Event "TCh-BEL 2004-5"]
[Site "Belgium BEL"]
[Date "2005.04.15"]
[Round "9"]
[White "Verduyn,F"]
[Black "Roeder,M"]
[Result "1-0"]
[WhiteElo "2303"]
[BlackElo "2404"]

1.Nf3 Nf6 2.c4 b6 3.g3 c5 4.Bg2 Bb7 5.O-O g6 6.Nc3 Bg7 7.d4 cxd4 8.Qxd4 Nc6
9.Qf4 Na5 10.b3 d5 11.cxd5 Nxd5 12.Nxd5 Qxd5 13.Rb1 Qe4 14.Qxf7+ Kxf7 15.Ng5+ Kf8
16.Nxe4 Rc8 17.Rd1 h6 18.Ba3 Ke8 19.Rbc1 Nc6 20.Bh3 Rc7 21.Be6 Bc8 22.Bd5 Bd7
23.Rc2 b5 24.Rdc1 b4 25.Bb2 Bxb2 26.Rxb2 e6 27.Nf6+ Ke7 28.Nxd7 Kxd7 29.Be4 Ne7
30.Rd1+ Ke8 31.Rc2 Rd7 32.Rcd2 Rxd2 33.Rxd2 g5 34.Rd6 Kf7 35.Ra6 Nc8 36.Ra4 a5
37.Rxa5 Nd6 38.Bd3 Kf6 39.Ra6 Ke5 40.Rb6 Ra8 41.Rxb4 Rxa2 42.Rb8 Kd5 43.Rh8 e5
44.Rxh6 e4 45.Bc4+ Nxc4 46.bxc4+ Kxc4 47.e3 Kd3 48.h4 gxh4 49.Rxh4 Ra8 50.Rf4 Rg8
51.Kg2 Rg7 52.g4 Rg6 53.Kg3 Rg8 54.Rf5  1-0

[Event "Torch Real Estate Cup"]
[Site "Jinan CHN"]
[Date "2005.04.20"]
[Round "1"]
[White "Wu Wenjin"]
[Black "Li Wenliang"]
[Result "1-0"]
[WhiteElo "2535"]
[BlackElo "2422"]

1.Nf3 Nf6 2.c4 b6 3.g3 c5 4.Bg2 Bb7 5.O-O g6 6.Nc3 Bg7 7.d3 O-O 8.e4 d6 9.Bg5 h6
10.Bf4 Nc6 11.Qd2 g5 12.Be3 Ng4 13.Qe2 Nxe3 14.fxe3 e6 15.Rf2 a6 16.a4 Qe7
17.Raf1 Rad8 18.Ne1 Nb4 19.Nc2 Nxc2 20.Qxc2 Bc6 21.Bf3 Rd7 22.Bh5 Qd8 23.Qd1 Rc7
24.d4 Bb7 25.Qd3 Re7 26.b3 Rd7 27.Bf3 Re7 28.Bg4 Qc7 29.Bh5 Qd8 30.Rd1 Qc7
31.Bf3 Rfe8 32.Qf1 Rd7 33.Rfd2 Rdd8 34.Qg2 Kh8 35.e5 Bxf3 36.Qxf3 cxd4 37.exd6 Rxd6
38.exd4 Red8 39.d5 f5 40.Re2 Bxc3 41.Qxc3+ Qg7 42.Re5 exd5 43.cxd5 R6d7 44.Qd4 Rf7
45.Re6 Qxd4+ 46.Rxd4 Rfd7 47.Rd2 Rb7 48.Rf6 Kg7 49.Rxf5 b5 50.a5 Rf7 51.Rxf7+ Kxf7
52.Kg2 Ke7 53.Kf3 Kd6 54.Rc2 Ke5 55.Re2+ Kd4 56.Kg4 Kc3 57.Re3+ Kb4 58.Rd3 Kxa5
59.Kf5 Kb4 60.d6 a5 61.d7 a4 62.bxa4 bxa4 63.Ke6 a3 64.Ke7 a2 65.Rd1  1-0